Desarrollo de la capacidad creadora
Saved in:
| Main Authors: | , |
|---|---|
| Format: | Bog |
| Sprog: | spansk |
| Udgivet: |
Buenos Aires
Kapelusz
1980
|
| Udgivelse: | 2a. ed |
| Serier: | Biblioteca de Cultura Pedagógica
|
| Fag: | |
| Tags: |
Tilføj Tag
Ingen Tags, Vær først til at tagge denne postø!
|
MARC
| LEADER | 00000nam a2200000 a 4500 | ||
|---|---|---|---|
| 001 | UCN0908 | ||
| 003 | CL-VaPUC | ||
| 008 | 010406e19800000AG |||||||||||||||||spa|d | ||
| 082 | 0 | 4 | |a 370.157 |b LOW |2 21 |
| 100 | |a Lowenfeld, Viktor |e autor |9 542638 | ||
| 700 | 0 | |a Brittain, W. Lambert |e author |9 456275 | |
| 245 | 1 | 0 | |a Desarrollo de la capacidad creadora |
| 250 | |a 2a. ed | ||
| 300 | |a 380 p | ||
| 942 | |c BK | ||
| 945 | |d 20010406 00:00:00 |a crobeson | ||
| 260 | |a Buenos Aires |b Kapelusz |c 1980 | ||
| 650 | 0 | |a Creatividad |9 310816 | |
| 650 | 0 | |a Educación artística |9 269035 | |
| 650 | 0 | |a Arte |9 265238 | |
| 650 | 0 | |a Educación básica |9 224933 | |
| 650 | 0 | |a Estética |9 264950 | |
| 650 | 0 | |a Expresión |9 340759 | |
| 650 | 0 | |a Niños |9 255605 | |
| 583 | |a last modification |c 20010406 00:00:00 |k Rodrigo Vera | ||
| 490 | 0 | |a Biblioteca de Cultura Pedagógica | |
| 999 | |c 294520 |d 294518 | ||
| 952 | |0 0 |1 0 |4 0 |6 370_157000000000000_LOW_1980 |7 0 |8 A |9 347009 |a BIBEDU |b BIBEDU |d 2019-11-20 |i 1247476 |o 370.157 LOW 1980 |p 1247476 |r 2023-01-12 |w 2019-11-20 |y BK |k MUS | ||